| 000 | 04508nam a2200541 i 4500 | ||
|---|---|---|---|
| 001 | xb24648966 | ||
| 006 | m d | ||
| 007 | cr n | ||
| 008 | 170518t20172017enka sb 000 0 eng d | ||
| 020 |
_a9781783743209 _q(pdf) |
||
| 020 |
_a9781783743216 _q(epub) |
||
| 020 |
_a9781783743223 _q(mobi) |
||
| 020 | _z9781783743186 (Paperback) | ||
| 020 | _z9781783743193 (Hardback) | ||
| 022 | _a2054-362X (Online) | ||
| 022 | _z2050-7933 (Print) | ||
| 035 | _a(OCoLC)993391021 | ||
| 040 |
_aStSaUL _beng _erda |
||
| 043 | _af------ | ||
| 245 | 0 | 0 |
_aSearching for sharing _h[electronic resource] : _bheritage and multimedia in Africa / _cedited by Daniela Merolla and Mark Turin. |
| 264 | 1 | _bOpen Book Publishers, | |
| 300 |
_a1 online resource (158 pages) : _b4 colour illustrations. |
||
| 490 | 1 |
_aWorld oral literature series _x2054-362X ; _vvol. 7 |
|
| 500 | _aAvailable through Open Book Publishers. | ||
| 504 | _aIncludes bibliographical references. | ||
| 505 | 0 | _aNotes on Contributors -- Introduction / Daniela Merolla -- 1. The Mara Cultural Heritage Digital Library: The Implications of the Digital Return of Oral Tradition / Jan Bender Shetler -- 2. Technauriture as a Platform to Create an Inclusive Environment for the Sharing of Research / Russell H. Kaschula -- 3. From Restitution to Redistribution of Ewe Heritage: Challenges and Prospects / Kofi Dorvlo -- 4. YouTube in Academic Teaching: A Multimedia Documentation of Siramori Diabaté's Song "Nanyuman" / Brahima Camara, Graeme Counsel and Jan Jansen -- 5. New Electronic Resources for Texts in Manding Languages Valentin Vydrin -- 6. Questioning "Restitution": Oral Literature in Madagascar Brigitte Rasoloniaina and Andriamanivohasina Rakotomalala -- Afterword: Sharing Located / Mark Turin. | |
| 506 | _aOpen access resource providing free access. | ||
| 520 | _a"In a world where new technologies are being developed at a dizzying pace, how can we best approach oral genres that represent heritage? Taking an innovative and interdisciplinary approach, this volume explores the idea of sharing as a model to construct and disseminate the knowledge of literary heritage with the people who are represented by and in it. Expert contributors interweave sociological analysis with an appraisal of the transformative impact of technology on literary and cultural production. Does technology restrict, constraining the experience of an oral performance, or does it afford new openings for different aesthetic experiences? Topics explored include the Mara Cultural Heritage Digital Library, the preservation of Ewe heritage material, new eresources for texts in Manding languages, and the possibilities of technauriture. This timely and necessary collection also examines to what extent digital documents can be and have been institutionalised in archives and museums, how digital heritage can remain free from co-option by hegemonic groups, and the roles that exist for community voices. A valuable contribution to a fast-developing field, this book is required reading for scholars and students in the fields of heritage, anthropology, linguistics, history and the emerging disciplines of multi-media documentation and analysis, as well as those working in the field of literature, folklore, and African studies. It is also important reading for museum and archive curators."--Publisher's website. | ||
| 538 | _aMode of access: World Wide Web. | ||
| 540 | _aThis work is licensed under a Creative Commons Attribution 4.0 International license (CC BY 4.0). For more detailed information consult the publisher's website. | ||
| 650 | 0 |
_aCultural property _xData processing. |
|
| 650 | 0 |
_aDigital preservation _xSocial aspects. |
|
| 650 | 0 |
_aFolk literature _xInteractive multimedia. |
|
| 650 | 0 |
_aFolk literature _zAfrica. |
|
| 650 | 0 |
_aInteractive multimedia _xSocial aspects. |
|
| 650 | 0 |
_aOral tradition _xInteractive multimedia. |
|
| 650 | 0 |
_aOral tradition _zAfrica. |
|
| 700 | 1 |
_aMerolla, Daniela, _eeditor. |
|
| 700 | 1 |
_aTurin, Mark, _eeditor. |
|
| 710 | 2 |
_aOpen Book Publishers, _epublisher. |
|
| 830 | 0 |
_aWorld oral literature series ; _vv. 7. _x2054-362X |
|
| 856 | 4 | 0 |
_uhttp://doi.org/10.11647/OBP.0111 _zConnect to e-book |
| 856 | 4 | 2 |
_uhttp://www.openbookpublishers.com/shopimages/products/cover/590 _zConnect to cover image |
| 999 |
_c29211 _d29211 |
||